Odvetvové prostredie ako zdroj príležitostí a hrozieb pre podnik bakalárska práca

Guardado en:
Detalles Bibliográficos
Autor principal: Hurná, Anna
Autor Corporativo: Podnikovohospodárska fakulta EU so sídlom v Košiciach. Katedra manažmentu
Otros Autores: Bruothová, Michaela, 1979-
Formato: Libro
Lenguaje:eslovaco
Publicado: Košice 2014
Etiquetas: Agregar Etiqueta
Sin Etiquetas, Sea el primero en etiquetar este registro!

MARC

LEADER 00000nbm a2200000 4500
001 0191590
005 20170201084952.6
041 0 |a slo 
044 |a SK 
245 1 0 |a Odvetvové prostredie ako zdroj príležitostí a hrozieb pre podnik  |b bakalárska práca  |c Anna Hurná ; školiteľ: Michaela Bruothová 
264 1 |a Košice  |c 2014 
300 |a 44 s. 
100 1 |a Hurná, Anna 
700 1 |a Bruothová, Michaela, 1979- 
710 2 |a Podnikovohospodárska fakulta EU so sídlom v Košiciach. Katedra manažmentu